Why every family farm needs to think about IHT (Record no. 74692)
[ view plain ]
| 000 -LEADER | |
|---|---|
| fixed length control field | 00835cab a2200217 4500 |
| 001 - CONTROL NUMBER | |
| control field | ABS68579 |
| 008 - FIXED-LENGTH DATA ELEMENTS--GENERAL INFORMATION | |
| fixed length control field | 041222n2004 000 0 eng u |
| 035 ## - SYSTEM CONTROL NUMBER | |
| System control number | (Sirsi) u128393 |
| 100 ## - MAIN ENTRY--PERSONAL NAME | |
| Personal name | Horne, S. |
| 245 ## - TITLE STATEMENT | |
| Title | Why every family farm needs to think about IHT |
| 260 ## - PUBLICATION, DISTRIBUTION, ETC. | |
| Date of publication, distribution, etc. | 2004 |
| 490 ## - SERIES STATEMENT | |
| Series statement | Farmers' Weekly |
| Volume/sequential designation | 141(21) 19 November 2004, 59-61(4) |
| 520 ## - SUMMARY, ETC. | |
| Summary, etc. | Outlines some of the basics of Inheritance Tax (IHT) and agricultural property relief and how planning ahead could save a fortune for the next farming generation. The Inland Revenue is paying more attention to IHT in the light of rising house prices. |
| 590 ## - LOCAL NOTE (RLIN) | |
| Local note | ABS |
| 650 ## - SUBJECT ADDED ENTRY--TOPICAL TERM | |
| Topical term or geographic name entry element | INHERITANCE TAX |
| 650 ## - SUBJECT ADDED ENTRY--TOPICAL TERM | |
| Topical term or geographic name entry element | AGRICULTURAL PROPERTY RELIEFS |
| 650 ## - SUBJECT ADDED ENTRY--TOPICAL TERM | |
| Topical term or geographic name entry element | HOUSE PRICES |
| 650 ## - SUBJECT ADDED ENTRY--TOPICAL TERM | |
| Topical term or geographic name entry element | FARMING PARTNERSHIPS |
| 690 ## - LOCAL SUBJECT ADDED ENTRY--TOPICAL TERM (OCLC, RLIN) | |
| Topical term or geographic name as entry element | RURAL-FARM BUSINESS MANAGEMENT |
| 942 ## - ADDED ENTRY ELEMENTS (KOHA) | |
| Suppress in OPAC | 0 |
| Withdrawn status | Lost status | Source of classification or shelving scheme | Damaged status | Not for loan | Home library | Current library | Shelving location | Date acquired | Total Checkouts | Full call number | Barcode | Date last seen | Copy number | Price effective from | Koha item type |
|---|---|---|---|---|---|---|---|---|---|---|---|---|---|---|---|
| Dewey Decimal Classification | London | London | Journal article | 22/12/2004 | ABS68579 | 128393-1001 | 06/08/2019 | 1 | 06/08/2019 | Journal article |